吉隆坡华人史话 (Record no. 69320)

000 -LEADER
fixed length control field 00431nam a22001697a 4500
003 - CONTROL NUMBER IDENTIFIER
control field MPLRDC
005 - DATE AND TIME OF LATEST TRANSACTION
control field 20220105061132.0
008 - FIXED-LENGTH DATA ELEMENTS--GENERAL INFORMATION
fixed length control field 210129b ||||| |||| 00| 0 eng d
020 ## - INTERNATIONAL STANDARD BOOK NUMBER
International Standard Book Number 967-9969-13-4
082 ## - DEWEY DECIMAL CLASSIFICATION NUMBER
Classification number 577.2386 WGZ c.2
100 ## - MAIN ENTRY--PERSONAL NAME
Personal name 温故知
245 ## - TITLE STATEMENT
Title 吉隆坡华人史话
Statement of responsibility, etc.
260 ## - PUBLICATION, DISTRIBUTION, ETC.
Place of publication, distribution, etc. 马来西亚
Name of publisher, distributor, etc. 辉煌出版社
Date of publication, distribution, etc.
300 ## - PHYSICAL DESCRIPTION
Other physical details
650 ## - SUBJECT ADDED ENTRY--TOPICAL TERM
Topical term or geographic name entry element 马来西亚华侨状况
942 ## - ADDED ENTRY ELEMENTS (KOHA)
Koha item type Book
-- 577.2386 WGZ c.2

No items available.

© 2022. Malaysian Public Library, Research and Development Centre. All Right ReservedE-mailmplrdc@help.edu.my 

Powered by Koha